Domestic T20 Cricket Teams - Statistics

General Stats
  • This quiz has been taken 292 times
  • The average score is 24 of 75
Answer Stats
% Correct
IPL Chennai Super Kings
85%
Afghanistan Premier League Paktia Super Kings
78%
IPL Mumbai Indians
77%
PSL Karachi Kings
75%
IPL Kolkata Knight Riders
75%
Super Smash Canterbury Kings
73%
LPL Colombo Kings
73%
IPL Rajasthan Royals
71%
IPL Sunrisers Hyderabad
67%
IPL Delhi Capitals
66%
IPL Royal Challengers Bangalore
63%
BBL Sydney Sixers
61%
CPL Trinbago Knight Riders
60%
BBL Melbourne Stars
57%
BBL Brisbane Heat
56%
BBL Perth Scorchers
55%
IPL Kings XI Punjab
54%
BBL Hobart Hurricanes
53%
Bangladesh Premier League Rajshahi Royals
53%
BBL Melbourne Renegades
51%
BBL Adelaide Strikers
50%
BBL Sydney Thunder
50%
Mzansi Super League Jozi Stars
47%
Mzansi Super League Durban Heat
46%
Bangladesh Premier League Sylhet Thunder
42%
CPL Guyana Amazon Warriors
39%
T20 Blast Birmingham Bears
33%
T20 Blast Surrey
31%
Bangladesh Premier League Cumilla Warriors
29%
T20 Blast Sussex Sharks
29%
PSL Multan Sultans
27%
T20 Blast Middlesex
26%
T20 Blast Somerset
26%
T20 Blast Essex Eagles
25%
PSL Islamabad United
25%
T20 Blast Durham
24%
T20 Blast Glamorgan
24%
CPL Jamaica Tallawahs
24%
T20 Blast Lancashire Lightning
24%
PSL Quetta Gladiators
24%
T20 Blast Kent Spitfires
23%
PSL Lahore Qalandars
23%
T20 Blast Hampshire
22%
T20 Blast Notts Outlaws
22%
PSL Peshawar Zalmi
22%
Bangladesh Premier League Khulna Tigers
20%
CPL St Kitts & Nevis Patriots
20%
T20 Blast Yorkshire Vikings
20%
T20 Blast Derbyshire Falcons
19%
LPL Galle Gladiators
19%
Mzansi Super League Nelson Mandela Bay Giants
18%
Bangladesh Premier League Chattogram Challengers
16%
T20 Blast Gloucestershire
16%
CPL Barbados Tridents
15%
LPL Dambulla Hawks
15%
Afghanistan Premier League Kandahar Knights
15%
Super Smash Knights
15%
T20 Blast Leicestershire Foxes
15%
CPL St Lucia Zouks
15%
T20 Blast Worcestershire Rapids
14%
Super Smash Auckland Aces
13%
T20 Blast Northamptonshire Steelbacks
11%
Super Smash Otago Volts
10%
Super Smash Central Stags
7%
Mzansi Super League Paarl Rocks
6%
Super Smash Wellington Firebirds
6%
Afghanistan Premier League Nangarhar Leopards
5%
LPL Jaffna Stallions
4%
LPL Kandy Tuskers
4%
Bangladesh Premier League Rangpur Rangers
3%
Mzansi Super League Tshwane Spartans
3%
Mzansi Super League Cape Town Blitz
2%
Afghanistan Premier League Kabul Zwanan
2%
Afghanistan Premier League Balkh Legends
1%
Bangladesh Premier League Dhaka Platoon
0%
No matching quizzes found
Score Distribution
Percent of People with Each Score
Percentile by Number Answered
Your Score History
You have not taken this quiz